Textbook of Microbiology / (Record no. 183526)

MARC details
000 -LEADER
fixed length control field 00878nam a22002651i 4500
005 - DATE AND TIME OF LATEST TRANSACTION
control field 20210419122738.0
008 - FIXED-LENGTH DATA ELEMENTS--GENERAL INFORMATION
fixed length control field 210419r19782004ii a|||e ||| 001 0 eng d
020 ## - INTERNATIONAL STANDARD BOOK NUMBER
International Standard Book Number 9788125017424
Qualifying information paperback
040 ## - CATALOGING SOURCE
Original cataloging agency PPAK
Language of cataloging eng
Transcribing agency PPAK
Description conventions rda
082 04 - DEWEY DECIMAL CLASSIFICATION NUMBER
Edition number 23
Classification number 579
090 00 - LOCALLY ASSIGNED LC-TYPE CALL NUMBER (OCLC); LOCAL CALL NUMBER (RLIN)
Classification number (OCLC) (R) ; Classification number, CALL (RLIN) (NR) 579
Feature heading ANA
Feature heading R
100 1# - MAIN ENTRY--PERSONAL NAME
Personal name Ananthanarayan, R.,
Relator term author.
245 10 - TITLE STATEMENT
Title Textbook of Microbiology /
Statement of responsibility, etc. R. Ananthanarayan BA MBBS (Madras) DB PhD (London), C.K. Jayaram Paniker MD
264 #1 - PRODUCTION, PUBLICATION, DISTRIBUTION, MANUFACTURE, AND COPYRIGHT NOTICE
Place of production, publication, distribution, manufacture Hyderabad, India :
Name of producer, publisher, distributor, manufacturer Orient Longman Private Limited ,
Date of production, publication, distribution, manufacture, or copyright notice 2004
Date of production, publication, distribution, manufacture, or copyright notice ©1978
300 ## - PHYSICAL DESCRIPTION
Extent 612 pages :
Other physical details colour illustrations ;
Dimensions 24 cm.
336 ## - CONTENT TYPE
Source rdacontent
Content type term text
337 ## - MEDIA TYPE
Source rdamedia
Media type term unmediated
338 ## - CARRIER TYPE
Source rdacarrier
Carrier type term volume
500 ## - GENERAL NOTE
General note Includes index.
650 10 - SUBJECT ADDED ENTRY--TOPICAL TERM
Topical term or geographic name entry element Microbiology.
Topical term or geographic name entry element Medical microbiology.
700 1# - ADDED ENTRY--PERSONAL NAME
Personal name Paniker, C.K. Jayaram,
Relator term author
-- editor.
942 ## - ADDED ENTRY ELEMENTS (KOHA)
Source of classification or shelving scheme Dewey Decimal Classification
Koha item type Book
Holdings
Withdrawn Not for loan Current library Shelving location Date acquired Full call number Barcode Date last seen Koha item type
  Not For Loan Perpustakaan Merbok Rujukan Dewasa 06/07/2021 R 579 ANA A00742340 06/07/2021 Book